00965nam a22002657i 4500003000900000005001700009008004100026020001800067040004300085082001900128100003000147245004900177264006000226300004600286336002600332337002800358338002700386504005200413650003100465653000800496655001700504942001200521999001700533952014900550EG-ScBUE20221218110047.0090705s2007 ua a f b 001 0 eng d a9789774161124 aEG-ScBUEbengerdacEG-ScBUEdEG-ScBUE04222a726.2bOKA1 aO'Kane, Bernard,eauthor.14aThe world of Islamic art /cBernard O' kane. 1aCairo :bThe American University in Cairo Press,c2007. a224 pages :bcolor illustrations ;c24 cm 2rdacontentatextbtxt 2rdamediaaunmediatedbn 2rdacarrieravolumebnc aIncludes bibliographical references and index.  792609aArt, Islamic.2BUEsh bART vReading book 2ddccBB c27193d27165 00102ddc40708AUCaMAINbMAINc1STd2019-02-25ePurchaseg280.00h16583l0o726.2 OKAp000044307r2025-07-15 00:00:00v350.00w2019-02-25yNB